| 000 | 00821nam a2200229 a 4500 | ||
|---|---|---|---|
| 001 | 48312 | ||
| 003 | BD-RjUL | ||
| 005 | 20211209054511.0 | ||
| 008 | 160811s1971 bg ||||| |||| 00| 0 ben d | ||
| 035 | _a(BD-RjUL)48431 | ||
| 040 |
_aBD-RjUL _bben _cBD-RjUL |
||
| 041 | _aben | ||
| 082 |
_223 _a831 _bGON 1971 |
||
| 100 | 1 |
_aগল, ইভান _9145786 |
|
| 245 | 1 | 0 |
_aনেত্র নক্ষত্রে নক্ষত্রে / _cসানাউল হক(অনুবাদক) |
| 260 |
_aঢাকা : _bবাঙলা একাডেমী, _c১৯৭১ |
||
| 300 |
_a৪০ পৃ. ; _c২১ সেমি. |
||
| 650 |
_aজার্মান _xকবিতা _9145787 |
||
| 650 |
_aGerman _xPoetry _9144499 |
||
| 700 |
_aহক, সানাউল (অনুবাদক) _9146255 |
||
| 942 |
_2ddc _cBK |
||
| 999 |
_c48312 _d48312 |
||